Materiel de preparatior et fertilisation des sols (Record no. 10313)

000 -LEADER
fixed length control field 00269nam a22001217a 4500
040 ## - CATALOGING SOURCE
Transcribing agency HS
082 ## - DEWEY DECIMAL CLASSIFICATION NUMBER
Classification number 631
100 ## - MAIN ENTRY--AUTHOR NAME
Personal name BAILLIERE
245 ## - TITLE STATEMENT
Title Materiel de preparatior et fertilisation des sols
260 ## - PUBLICATION, DISTRIBUTION, ETC. (IMPRINT)
Place of publication Philippe
Name of publisher BAILLIERE
Year of publication 1981
300 ## - PHYSICAL DESCRIPTION
Number of Pages 239p;
942 ## - ADDED ENTRY ELEMENTS (KOHA)
Koha item type សៀវភៅភាសាអង់គ្លេស
952 ## - LOCATION AND ITEM INFORMATION (KOHA)
Withdrawn status [LOCAL, KOHA] 0
952 ## - LOCATION AND ITEM INFORMATION (KOHA)
Withdrawn status [LOCAL, KOHA] 0
952 ## - LOCATION AND ITEM INFORMATION (KOHA)
Withdrawn status [LOCAL, KOHA] 0
Holdings
Permanent Location Date acquired Koha item type Lost status Shelving location Barcode Current Location Full call number
Library Block C2016-10-13សៀវភៅភាសាអង់គ្លេស C245A01452Library Block C631 BAI 1981 C245
Library Block C2016-10-13សៀវភៅភាសាអង់គ្លេស C245RUA058046Library Block C631 BAI 1981 C245
Library Block C2016-10-13សៀវភៅភាសាអង់គ្លេស C245A00209Library Block C631 BAI 1981 C245
មជ្ឈមណ្ឌលឯការនៃសាកលវិទ្យាល័យភូមិន្ទកសិកម្មចំការដូង

Powered by Koha